00515nam a2200145Ia 4500082002300000100001800023245012300041260004500164300001000209504003300219650003400252650003000286650002200316650003100338 a342.06640954 VIS-; aVishnu Prasad 0aAdministrative tribunals in action: a study of administrative tribunals and authorities at the district level in Bihar aNew DelhibOxford & IBH Publishingc1974 a240p. aIncludes index, bibliography aAdministrative courts - Bihar aTribunals, Administrative aAuthority - Bihar aAdministrative law - Bihar